[Event "BCF-chT3 0910 (4NCL)"]
[Site "England"]
[Date "2010.05.02"]
[Round "10.6"]
[White "Thompson, Robert"]
[Black "Smith, David WF"]
[Result "1-0"]
[WhiteElo "1881"]
[BlackElo "1532"]
[PlyCount "107"]
[EventDate "2009.10.24"]
[EventType "team-tourn"]
[EventRounds "11"]
[EventCountry "ENG"]
[SourceTitle "EXT 2011"]
[Source "ChessBase"]
[SourceDate "2010.11.26"]
[SourceVersion "1"]
[SourceVersionDate "2010.11.26"]
[SourceQuality "1"]
[WhiteTeam "Bristol II"]
[BlackTeam "Guernsey Mates"]
[WhiteTeamCountry "ENG"]
[BlackTeamCountry "ENG"]

1. c4 Nf6 2. Nc3 d5 3. cxd5 Nxd5 4. g3 c6 5. Bg2 g6 6. Nf3 Bg7 7. 0-0 0-0 8. Qc2 e5 9. d3 Be6 10. Bd2 Qc8 11. Ng5 Na6 12. Nxe6 Qxe6 13. Ne4 Rfe8 14. a3 Rab8 15. Rab1 Nac7 16. b4 Nb5 17. Qa4 h6 18. Nc5 Qe7 19. Rfc1 Rbd8 20. Qb3 Nd4 21. Qd1 Kh7 22. a4 Ne6 23. Nxe6 Qxe6 24. Qb3 Re7 25. b5 Rc7 26. bxc6 b6 27. a5 Rxc6 28. Rxc6 Qxc6 29. Bxd5 Rxd5 30. axb6 axb6 31. Qxb6 Qxb6 32. Rxb6 Rd7 33. Be3 Kg8 34. h4 Rc7 35. Rb8+ Kh7 36. Kg2 Bf6 37. Kf3 Kg7 38. Bb6 Rc6 39. Bd8 Bxd8 40. Rxd8 Kf6 41. Rh8 h5 42. Re8 Kf5 43. e4+ Kf6 44. Ke3 Rd6 45. Ra8 Ke6 46. f4 f6 47. Re8+ Kf7 48. fxe5 Kxe8 49. exd6 Kd7 50. Kf4 Kxd6 51. d4 Ke6 52. e5 fxe5+ 53. dxe5 Kf7 54. Kg5 1-0

[Event "Guernsey Holiday op"]
[Site "Guernsey"]
[Date "2009.10.18"]
[Round "1"]
[White "Roberts, Malcolm A"]
[Black "Smith, David WF"]
[Result "1/2-1/2"]
[WhiteElo "1754"]
[BlackElo "1532"]
[PlyCount "95"]
[EventDate "2009.10.18"]
[EventType "swiss"]
[EventRounds "7"]
[EventCountry "GCI"]
[SourceTitle "EXT 2015"]
[Source "ChessBase"]
[SourceDate "2014.11.20"]
[SourceVersion "1"]
[SourceVersionDate "2014.11.20"]
[SourceQuality "1"]

1. e4 d5 2. exd5 Nf6 3. Bb5+ Bd7 4. Bxd7+ Nbxd7 5. Nc3 Nb6 6. Nf3 Nbxd5 7. Nxd5 Nxd5 8. c4 Nf6 9. d4 e6 10. 0-0 Be7 11. Bf4 0-0 12. Re1 Re8 13. a3 c5 14. dxc5 Bxc5 15. b4 Be7 16. Qc2 a5 17. c5 axb4 18. axb4 Nd5 19. Qe4 Nc3 20. Qc4 Bf6 21. Rac1 Nd5 22. Rcd1 Qc8 23. Bd6 Be7 24. Bxe7 Rxe7 25. Qh4 Rd7 26. Ne5 Rd8 27. h3 Qc7 28. Nf3 h6 29. Ra1 Qc8 30. Ne5 Qc7 31. Nf3 Qc8 32. Nd2 Qc7 33. Qc4 Qf4 34. Qxf4 Nxf4 35. Nc4 Rxa1 36. Rxa1 Rd4 37. Ra8+ Kh7 38. Nd6 Rxb4 39. Nxf7 Nd3 40. Ra5 Rb1+ 41. Kh2 Nxf2 42. Nd8 e5 43. c6 bxc6 44. Rxe5 Nd3 45. Re3 Nb4 46. Rc3 Rd1 47. Nxc6 Nxc6 48. Rxc6 1/2-1/2